14 points pour faire l'Europe
Zapisane w:
| 1. autor: | |
|---|---|
| Format: | Książka |
| Język: | Undetermined |
| Wydane: |
Paris
Denoël
1969
|
| Hasła przedmiotowe: | |
| Etykiety: |
Dodaj etykietę
Nie ma etykietki, Dołącz pierwszą etykiete!
|
| Thư viện lưu trữ: | Trung tâm Học liệu Trường Đại học Cần Thơ |
|---|
| LEADER | 00490nam a2200181Ia 4500 | ||
|---|---|---|---|
| 001 | CTU_82391 | ||
| 008 | 210402s9999 xx 000 0 und d | ||
| 082 | |a 338.9 | ||
| 082 | |b L426 | ||
| 100 | |a Layton, Christopher | ||
| 245 | 0 | |a 14 points pour faire l'Europe | |
| 245 | 0 | |c Christopher Layton | |
| 260 | |a Paris | ||
| 260 | |b Denoël | ||
| 260 | |c 1969 | ||
| 650 | |a Economic development,Technology | ||
| 904 | |i Trọng Hải | ||
| 980 | |a Trung tâm Học liệu Trường Đại học Cần Thơ | ||